| 000 | 01511nam a22003017a 4500 | ||
|---|---|---|---|
| 005 | 20150709153351.0 | ||
| 008 | 150709b2007 ck ||||| |||| 00| 0 spa d | ||
| 020 | _a9789972787270 | ||
| 040 |
_aCO-BoIAVH _cCO-BoIAVH |
||
| 041 | 0 | _aspa | |
| 044 | _ape | ||
| 082 | 4 |
_a306.4 _bS44g |
|
| 110 | 1 | _aOficina Regional para América del Sur de la Unión por la Naturaleza (UICN-Sur) | |
| 245 | 1 |
_aLa gran ruta INCA (GRI) y el uso sostenible de la biodiversidad en los países de la región andina: _bExplorando experiencias y potencialidades. |
|
| 260 | 3 |
_aPerú: _bUICN-Sur, _c2007. |
|
| 300 |
_a51 p. _bil., map., fot., col. |
||
| 500 | _aIncluye lista de siglas. | ||
| 504 | _aIncluye Referencias Bibliográficas. | ||
| 505 | _a1. Antecedentes. 2. La Gran Ruta Inca (GRI) y los ecosistemas transfronterizos. 3. Experiencias de uso sostenible de la biodiversidad en los países andinos. 4. Actividades prioritarias de uso sostenible de la biodiversidad en la GRI: propuestas para la cooperación internacional. 5. Ruta Crítica para el desarrollo de un programa de acciones en la GRI. | ||
| 650 | 4 |
_aAntropología cultural _zPerú |
|
| 650 | 4 |
_aEcosistemas _zPerú |
|
| 650 | 4 |
_aConservación de ecosistemas _zPerú |
|
| 650 | 4 |
_aBiodiversidad _zPerú |
|
| 710 | _aSecretaría General de la Comunidad Andina (SGCAN) | ||
| 710 | _aMinisterio de Ambiente de España | ||
| 856 | _uwww.comunidadandina.org/agenda_ambiental.htm | ||
| 942 |
_2ddc _cLIBRO |
||
| 999 |
_c17562 _d17562 |
||